000 00902nam a2200313 a 4500
003 AR-BaBNM
005 20251128204142.0
008 082120s2002 ||||||||||||||000 | spa||
020 _a950-1400-9
040 _cAR-BaBNM
100 1 _aMascali, Humberto
245 0 0 _aDesocupación y conflictos laborales en el campo argentino
_b1940-1965
260 _aBuenos Aires
_bCentro Editor de América Latina
_c1986
300 _a127 p.
490 0 _aBiblioteca política Argentina
_vv. 139
500 _aApéndice documental en p. 117-120
650 4 _aHISTORIA ARGENTINA
650 4 _aPOLITICA
650 4 _aHISTORIA AGROPECUARIA
650 4 _aECONOMIA AGRARIA
650 4 _aTRABAJADORES AGRICOLAS
650 4 _aCONFLICTO LABORAL
650 4 _aMOVIMIENTO OBRERO
650 4 _aSINDICATOS
651 4 _aArgentina
800 1 _aTroncoso, Oscar
_edirector
942 _cBK
998 _cenrique
999 _c6390
_d6390